Republic of Mozambique : Technical Assistance Report-Inflation Targeting and Model-based Monetary Policy Analysis.

The purpose of the mission was to improve the understanding of the conduct of monetary policy in an inflation targeting (IT) central bank. During the September visit, the mission provided capacity building through daily morning seminars, giving an introduction to modern theory of monetary policy in...

Full description

Bibliographic Details
Corporate Author: International Monetary Fund. Monetary and Capital Markets Department
Format: Journal
Language:English
Published: Washington, D.C. : International Monetary Fund, 2021.
Series:IMF Staff Country Reports; Country Report ; No. 2021/091
Subjects:
Online Access:Full text available on IMF
LEADER 01612cas a2200253 a 4500
001 AALejournalIMF021602
008 230101c9999 xx r poo 0 0eng d
020 |c 5.00 USD 
020 |z 9781513572970 
022 |a 1934-7685 
040 |a BD-DhAAL  |c BD-DhAAL 
110 2 |a International Monetary Fund.  |b Monetary and Capital Markets Department. 
245 1 0 |a Republic of Mozambique :   |b Technical Assistance Report-Inflation Targeting and Model-based Monetary Policy Analysis. 
264 1 |a Washington, D.C. :  |b International Monetary Fund,  |c 2021. 
300 |a 1 online resource (16 pages) 
490 1 |a IMF Staff Country Reports 
500 |a <strong>Off-Campus Access:</strong> No User ID or Password Required 
500 |a <strong>On-Campus Access:</strong> No User ID or Password Required 
506 |a Electronic access restricted to authorized BRAC University faculty, staff and students 
520 3 |a The purpose of the mission was to improve the understanding of the conduct of monetary policy in an inflation targeting (IT) central bank. During the September visit, the mission provided capacity building through daily morning seminars, giving an introduction to modern theory of monetary policy in small-open economies, and by performing monetary policy analyses based on BM's quarterly projection model (QPM) in the afternoons. 
538 |a Mode of access: Internet 
650 7 |a Monetary Policy  |2 imf 
830 0 |a IMF Staff Country Reports; Country Report ;  |v No. 2021/091 
856 4 0 |z Full text available on IMF  |u http://elibrary.imf.org/view/journals/002/2021/091/002.2021.issue-091-en.xml  |z IMF e-Library